Normal view
MARC view
Entry Topical Term
001 - CONTROL NUMBER
- control field: 20481
003 - CONTROL NUMBER IDENTIFIER
- control field: ARRUPE
005 - DATE AND TIME OF LATEST TRANSACTION
- control field: 20151024120939.0
008 - FIXED-LENGTH DATA ELEMENTS
- fixed length control field: 151024|| aca||aabn | a|a d
040 ## - CATALOGING SOURCE
- Original cataloging agency: ARRUPE
- Transcribing agency: ARRUPE
150 ## - HEADING--TOPICAL TERM
- Topical term or geographic name as entry element: Islam
670 ## - SOURCE DATA FOUND
- Source citation: Work cat.: (ARRUPE): Sarwar, Ghulam 20480, Islam: Beliefs and teachings, 1984